Aproximaciones empr̕icas al estudio de la inseguridad

Detalles Bibliográficos
Autor principal: Gonzl̀es Placencia, Luis
Otros Autores: Arce Aguilar, Jos ̌Luis
Formato: eBook
Lenguaje:español
Publicado: Ciudad de Mx̌ico: Cm̀ara de Diputados, 2007
Materias:
Acceso en línea:Acceso restringido

MARC

LEADER 00000nam a22000007a 4500
005 20171025185653.0
007 cr|||| ||||
008 171025s2007 mx |||||s|||| 00||0 spa d
020 |a 978-970-701-982-9 
035 |a 20767 
040 |a vLex 
090 |c 7146  |d 7146 
100 1 |a Gonzl̀es Placencia, Luis 
245 1 0 |a Aproximaciones empr̕icas al estudio de la inseguridad  |h [Recurso electrn̤ico] /  |c Luis Gonzl̀es Placencia; Jos ̌Luis Arce Aguilar  
256 |a Servicio en ln̕ea 
260 |a Ciudad de Mx̌ico:  |b Cm̀ara de Diputados,  |c 2007 
300 |a 1 recurso electrn̤ico 
506 1 |a Disponible solo en los productos indicados  |d vLex Global  |d vLex Global (Academic Edition, excluding Law Schools)  |d vLex Global (U.S. Academic Edition, Law Schools)  |d vLex Global (U.S. Academic Edition, excluding Law Schools)  |d vLex Global (Academic Edition, Law Schools) 
650 0 4 |a Derecho administrativo  |z Mx̌ico 
650 0 4 |a Polica̕  |z Mx̌ico 
700 1 |a Arce Aguilar, Jos ̌Luis 
740 0 |a vLex Libros (Servicio en ln̕ea) 
856 4 0 |u http://vlex.com/source/aproximaciones-empiricas-estudio-inseguridad-20767  |z Acceso restringido 
942 |c BOOK 
999 0 |a Administrative law 
999 0 |a Police